00549nam a22001817a 450000500170000001000150001702000270003203500140005903700130007308200110008610000140009724500620011126000490017327000770022230000220029970000230032170000230034420240306113538.0 aENG-139555 c1575.00a9789355010049 aEN-123087 bDBAD/PUB a54726 aArun Bhal aAdvanced Organic Chemistry/cEdited by Arun BahlhEnglish aNew DelhibS Chand And Company Limitedc2022 b New DelhiaA-27, 2nd Floor, Mohan Co-operative Industrial Estatee10044 a1483p.c24cm(dbk) aBahl, AruneAuthor aBahl, B.S.eAuthor